000 00825nam0a22002531 4500
001 rc\140357
005 20250620204303.0
010 _a5-02-015219-6
_91000
035 _a(NLR Aleph) 005412014
090 _a7383946
_c7383946
100 _a20030307d1996 |||y0rusy50 ca
101 0 _arus
102 _aRU
105 _aa |||||||||
200 1 _aПроблемы аппроксимируемости электромагнитного поля
210 _aМ.
_cНаука. Изд. фирма "Физ.-мат. лит."
_d1996
215 _a170, [1] с.
_cил.
_d22
320 _aБиблиогр.: с. 170-171 (39 назв.)
700 1 _aКаценеленбаум
_bБ.З.
_gБорис Захарович
801 0 _aRU
_bNLR
_gpsbo
801 1 _aRU
_bELAR
_2rusmarc
852 _aNLR
_j97-5/215
942 _cBOOK
980 _aNB